| 000 | 00686nam a2200229 a 4500 | ||
|---|---|---|---|
| 005 | 20240919064219.0 | ||
| 008 | 060511s2003 mx r 000 0 spa d | ||
| 020 | _a9684764510 | ||
| 035 | _aUPN01000144402 | ||
| 049 | _aCG | ||
| 050 | 4 |
_aK460 _bV5.4 |
|
| 100 | 1 | _aVigo, Rodolfo Luis | |
| 245 | 1 | 3 |
_aEl iusnaturalismo actual : _bde M. Villey a J. Finnis / _cRodolfo Luis Vigo. |
| 260 |
_aMéxico : _bFontamara, _c2003. |
||
| 300 | _a208 p. | ||
| 440 | 0 |
_aBiblioteca de ética, filosofía del derecho y política ; _v95 |
|
| 650 | 4 |
_aDerecho natural _913301 |
|
| 650 | 4 |
_aDerecho _xFilosofía _99941 |
|
| 600 | 1 | 4 | _aVILLEY, MICHAEL |
| 600 | 1 | 4 |
_aFINNIS, JOHN _94393 |
| 905 | _aLibro | ||
| 999 |
_c116549 _d116549 |
||